[Event "XVI Torneo Internacional CIUDAD DE ALBA"]
[Site "Albacete - ESPAÑA"]
[Date "2008.09.03"]
[Round "5.11"]
[White "Cruz Lledo, Pablo"]
[Black "Espinosa Aranda, Angel"]
[Result "0-1"]
[WhiteElo "2008"]
[BlackElo "2313"]
[PlyCount "104"]
[EventDate "2008.09.01"]

1. d4 d5 2. c4 e6 3. Nc3 c6 4. cxd5 exd5 5. Bf4 Bd6 6. Bxd6 Qxd6 7. e3 Ne7 8.
Bd3 O-O 9. Nge2 Bf5 10. O-O Nd7 11. Ng3 Bxd3 12. Qxd3 f5 13. Nge2 Rae8 14. b4
Nf6 15. b5 Ne4 16. bxc6 bxc6 17. Nxe4 fxe4 18. Qa6 Nf5 19. Qxa7 Qh6 20. Qa3 Re6
21. Ng3 Nh4 22. Rfb1 Ref6 23. Qb2 Nxg2 24. Kxg2 Rxf2+ 25. Qxf2 Rxf2+ 26. Kxf2
Qxh2+ 27. Kf1 Qxg3 28. a4 Qf3+ 29. Kg1 Qxe3+ 30. Kh1 Qf3+ 31. Kh2 g5 32. Rf1
Qe2+ 33. Kg1 g4 34. Rf2 Qe3 35. Kg2 Qh3+ 36. Kg1 Qg3+ 37. Kf1 e3 38. Rg2 Qf4+
39. Ke1 Qxd4 40. Raa2 Qc3+ 41. Kd1 Qb3+ 42. Kc1 d4 43. Rxg4+ Kf7 44. Rb2 Qc3+
45. Kb1 d3 46. Rf4+ Kg6 47. Rg2+ Kh5 48. Rf1 Qb4+ 49. Ka1 Qxa4+ 50. Kb2 Qb4+
51. Ka2 e2 52. Rh1+ Qh4 0-1

[Event "XVI Torneo Internacional CIUDAD DE ALBA"]
[Site "Albacete - ESPAÑA"]
[Date "2008.09.03"]
[Round "5.12"]
[White "Kovacevic, Slobodan"]
[Black "Larios Crespo, Manuel"]
[Result "1-0"]
[WhiteElo "2417"]
[BlackElo "2127"]
[PlyCount "139"]
[EventDate "2008.09.01"]

1. d4 c5 2. e3 Nf6 3. c3 b6 4. Nd2 Bb7 5. Ngf3 g6 6. Bd3 Bg7 7. e4 d6 8. O-O
O-O 9. Qe2 Nbd7 10. Re1 cxd4 11. cxd4 e5 12. dxe5 dxe5 13. Nb3 Qe7 14. Bg5 h6
15. Bxf6 Nxf6 16. Nfd2 Nh5 17. g3 Qg5 18. h4 Qe7 19. Ba6 Bxa6 20. Qxa6 Kh7 21.
Qe2 a5 22. Nc4 Qb4 23. Kg2 a4 24. Nbd2 Rad8 25. a3 Qb5 26. Nf3 f6 27. Rac1 Rf7
28. Rc2 Bf8 29. Ne3 Qxe2 30. Rexe2 Bc5 31. Nd5 Ng7 32. Rc4 Ne6 33. Rxa4 g5 34.
hxg5 hxg5 35. Re1 Nd4 36. Nxd4 Bxd4 37. Ne3 Bxb2 38. Re2 Bd4 39. Nf5 Bc5 40.
Ra6 Rfd7 41. Ne3 Rd2 42. Ra7+ R8d7 43. Rxd7+ Rxd7 44. Ng4 Kg6 45. Re1 Bxa3 46.
Rh1 Rd6 47. Rh8 Bc5 48. Kh3 b5 49. Rg8+ Kf7 50. Nh6+ Ke6 51. Nf5 Rb6 52. Rc8
Bxf2 53. Rc7 Bc5 54. Rxc5 Rb7 55. Rc6+ Kd7 56. Rd6+ Kc7 57. Rd1 b4 58. Rc1+ Kb6
59. Ne3 Kb5 60. Kg4 b3 61. Kf5 Rb6 62. Nd5 Rc6 63. Rb1 Kc4 64. Nxf6 Rb6 65. Nd5
Rb8 66. Kxe5 Kd3 67. Rb2 Re8+ 68. Kf5 Rf8+ 69. Kxg5 Kxe4 70. Nf6+ 1-0

[Event "XVI Torneo Internacional CIUDAD DE ALBA"]
[Site "Albacete - ESPAÑA"]
[Date "2008.09.03"]
[Round "5.13"]
[White "Fenollar Jorda, Manuel"]
[Black "Campayo Hernandez, Juan"]
[Result "1-0"]
[WhiteElo "2298"]
[BlackElo "2123"]
[PlyCount "115"]
[EventDate "2008.09.01"]

1. e4 e6 2. d4 d5 3. Nc3 Nf6 4. Bg5 dxe4 5. Nxe4 Be7 6. Bxf6 gxf6 7. Nf3 f5 8.
Ned2 a6 9. c3 Nd7 10. Nc4 b5 11. Na5 c5 12. Nc6 Qc7 13. Nxe7 Kxe7 14. dxc5 Nxc5
15. Qd4 Bb7 16. Qh4+ f6 17. Be2 Rag8 18. g3 Nd3+ 19. Kf1 Ne5 20. Qb4+ Kd8 21.
Nd4 Re8 22. Rd1 Kc8 23. f3 Nc4 24. Kf2 Qb6 25. Bxc4 e5 26. Bf7 Rd8 27. Be6+ Kb8
28. Bxf5 exd4 29. cxd4 Rhe8 30. Rd2 Re5 31. g4 Qc6 32. Qc3 Rc5 33. Qe3 Qd6 34.
dxc5 Qxd2+ 35. Qxd2 Rxd2+ 36. Kg3 Rxb2 37. Bxh7 Rxa2 38. h4 Ra3 39. Rf1 Re3 40.
h5 Re8 41. Bf5 Bc8 42. Be4 Rh8 43. Rd1 Kc7 44. Rd6 f5 45. Bxf5 Bxf5 46. gxf5
Ra8 47. Rb6 a5 48. Rxb5 a4 49. Rb1 Kc6 50. Rc1 a3 51. Kf4 a2 52. Ra1 Kxc5 53.
f6 Kd6 54. Kf5 Ra3 55. f4 Kd7 56. h6 Ke8 57. h7 Rh3 58. Rxa2 1-0

[Event "XVI Torneo Internacional CIUDAD DE ALBA"]
[Site "Albacete - ESPAÑA"]
[Date "2008.09.03"]
[Round "5.14"]
[White "Torres Tellez, Jonathan"]
[Black "Peric, Slavisa"]
[Result "1/2-1/2"]
[WhiteElo "2100"]
[BlackElo "2253"]
[PlyCount "131"]
[EventDate "2008.09.01"]

1. e4 e6 2. d4 d5 3. Nc3 h6 4. Nf3 Nf6 5. Bd3 Bb4 6. exd5 Nxd5 7. Bd2 Nxc3 8.
bxc3 Bd6 9. O-O O-O 10. Qe2 Nd7 11. Ne1 e5 12. f4 exf4 13. Bxf4 Bxf4 14. Rxf4
Nf6 15. Rf1 Re8 16. Qf2 Qe7 17. Nf3 Ng4 18. Qg3 Qd6 19. Qxd6 cxd6 20. Rfe1 Kf8
21. Rxe8+ Kxe8 22. Re1+ Kf8 23. Nd2 d5 24. c4 dxc4 25. Bxc4 Bf5 26. Bb3 b5 27.
h3 Nf6 28. a4 b4 29. Re5 Bd7 30. Ra5 a6 31. Bc4 Bc8 32. Nb3 Nd7 33. Kf2 Bb7 34.
Bd3 g6 35. g3 Ke7 36. Ke3 Kd6 37. Nc5 Nxc5 38. Rxc5 Re8+ 39. Kf2 f5 40. Rc4 a5
41. Rc5 Ra8 42. Ke3 Bc6 43. Bb5 Be4 44. Bd3 Bc6 45. Bb5 Bxb5 46. Rxb5 Rc8 47.
Rxa5 Rxc2 48. Rb5 Rc3+ 49. Kf4 Rc4 50. Ke3 Kc6 51. h4 Kd6 52. Rb6+ Kd5 53. Rb5+
Kc6 54. d5+ Kd6 55. a5 g5 56. hxg5 hxg5 57. a6 Rc3+ 58. Kf2 Ra3 59. Rxb4 Rxa6
60. Rb8 Kxd5 61. Rb5+ Ke4 62. Rb4+ Ke5 63. Rb5+ Kf6 64. Kf3 Ra3+ 65. Kf2 Kg6
66. Rc5 {...} 1/2-1/2

[Event "XVI Torneo Internacional CIUDAD DE ALBA"]
[Site "Albacete - ESPAÑA"]
[Date "2008.09.03"]
[Round "5.15"]
[White "Picazo Lopez, Juan Antonio"]
[Black "Garcia Lopez, Luis Manuel"]
[Result "0-1"]
[WhiteElo "2226"]
[BlackElo "2109"]
[PlyCount "130"]
[EventDate "2008.09.01"]

1. d4 d5 2. c4 e5 3. dxe5 d4 4. Nf3 Nc6 5. g3 Bg4 6. Nbd2 Qd7 7. Bg2 O-O-O 8.
O-O Nge7 9. a3 Ng6 10. b4 Ncxe5 11. Bb2 d3 12. Re1 dxe2 13. Qxe2 Nd3 14. Reb1
Nxb2 15. Rxb2 Be7 16. Rc1 Bf6 17. Ra2 Rhe8 18. Qf1 Qd3 19. h3 Qxf1+ 20. Nxf1
Be6 21. h4 h6 22. a4 Ne5 23. Nxe5 Bxe5 24. a5 Rd4 25. Ne3 Rd3 26. a6 b6 27. Nd5
Bd4 28. c5 Rxg3 29. Nxb6+ Kb8 30. Rd2 Bh3 31. Kh2 Rxg2+ 32. Kxh3 Rxf2 33. Nd7+
Kc8 34. Rxd4 Re3+ 35. Kg4 g6 36. Nf6 Rxf6 37. Rcd1 Rxa6 38. b5 Rae6 39. Rd8+
Kb7 40. c6+ Kb6 41. Rb8+ Kc5 42. Rc1+ Kb4 43. Rb1+ Kc3 44. Rc1+ Kb3 45. Rb1+
Kc2 46. Rb4 Kc3 47. Ra4 R6e4+ 48. Rxe4 Rxe4+ 49. Kg3 Kc4 50. Rb7 Re7 51. Kf4
Kc5 52. Kg4 f5+ 53. Kf4 Re4+ 54. Kg3 a5 55. Rxc7 Kxb5 56. h5 gxh5 57. Rh7 h4+
58. Kf3 Kxc6 59. Rxh6+ Kd5 60. Ra6 a4 61. Ra5+ Ke6 62. Ra6+ Kf7 63. Kg2 Rf4 64.
Kh2 Rg4 65. Kh3 Ke7 0-1

[Event "XVI Torneo Internacional CIUDAD DE ALBA"]
[Site "Albacete - ESPAÑA"]
[Date "2008.09.03"]
[Round "5.16"]
[White "Jimenez Martinez, Jose Vicente"]
[Black "Juan Mas, Santiago"]
[Result "1/2-1/2"]
[WhiteElo "2223"]
[BlackElo "2098"]
[PlyCount "37"]
[EventDate "2008.09.01"]

1. d4 d5 2. c4 Nc6 3. e3 e5 4. dxe5 d4 5. a3 a5 6. Nf3 Bc5 7. exd4 Bxd4 8. Be2
Nge7 9. O-O O-O 10. Nxd4 Qxd4 11. Qxd4 Nxd4 12. Nc3 Nxe2+ 13. Nxe2 Be6 14. c5
Nc6 15. Nc3 Nxe5 16. Bf4 Nd3 17. Bxc7 Nxc5 18. Rfe1 Rfc8 19. Bg3 1/2-1/2

[Event "XVI Torneo Internacional CIUDAD DE ALBA"]
[Site "Albacete - ESPAÑA"]
[Date "2008.09.03"]
[Round "5.17"]
[White "Alcaraz Ortega, Javier"]
[Black "Llavador Moron, Juan Jose"]
[Result "1/2-1/2"]
[WhiteElo "2105"]
[BlackElo "2195"]
[PlyCount "34"]
[EventDate "2008.09.01"]

1. c4 e5 2. g3 d6 3. Nc3 Be6 4. Bg2 c6 5. d3 f5 6. Nf3 Be7 7. e4 fxe4 8. Nxe4
h6 9. c5 Nf6 10. cxd6 Bxd6 11. Qe2 Nxe4 12. dxe4 O-O 13. O-O Qf6 14. Be3 b5 15.
Qc2 Rc8 16. Nd2 c5 17. a4 Nc6 1/2-1/2

[Event "XVI Torneo Internacional CIUDAD DE ALBA"]
[Site "Albacete - ESPAÑA"]
[Date "2008.09.03"]
[Round "5.18"]
[White "Sanchez Jerez, Emilio Miguel"]
[Black "Diaz Rios, Ignacio Jose"]
[Result "1-0"]
[WhiteElo "2143"]
[BlackElo "1815"]
[PlyCount "59"]
[EventDate "2008.09.01"]

1. e4 c5 2. Nc3 a6 3. Nge2 d6 4. d4 cxd4 5. Nxd4 Nf6 6. g3 e5 7. Nde2 Nbd7 8.
Bg2 b5 9. O-O Bb7 10. Nd5 Nxd5 11. exd5 Be7 12. a4 O-O 13. Be3 Qc7 14. f4 Rfc8
15. fxe5 Nxe5 16. Nd4 Nc4 17. Bc1 Qc5 18. Rf2 Bd8 19. Qh5 Bb6 20. Qxf7+ Kh8 21.
c3 Ne5 22. Qxb7 Ra7 23. b4 Qxc3 24. Qxb6 Qxa1 25. Qxa7 Qxc1+ 26. Rf1 Qe3+ 27.
Kh1 Ng4 28. Qd7 Nf2+ 29. Rxf2 Rc1+ 30. Bf1 1-0

[Event "XVI Torneo Internacional CIUDAD DE ALBA"]
[Site "Albacete - ESPAÑA"]
[Date "2008.09.03"]
[Round "5.19"]
[White "Camacho Calle, Pedro"]
[Black "Machado Hernandez, Junior"]
[Result "1/2-1/2"]
[WhiteElo "2140"]
[BlackElo "1975"]
[PlyCount "57"]
[EventDate "2008.09.01"]

1. c4 Nf6 2. Nc3 e6 3. e4 e5 4. Nf3 Nc6 5. a3 Bc5 6. Be2 d6 7. h3 a5 8. d3 h6
9. O-O O-O 10. Be3 b6 11. Nd5 Nxd5 12. cxd5 Ne7 13. d4 exd4 14. Bxd4 f5 15.
exf5 Nxf5 16. Bc3 a4 17. Bd3 Nh4 18. Be4 Nxf3+ 19. Bxf3 Qh4 20. Bg4 Rxf2 21.
Rxf2 Bxf2+ 22. Kh1 Bxg4 23. Qxg4 Qxg4 24. hxg4 Bg3 25. Rc1 Bf2 26. Rc2 Rf8 27.
Kh2 Bc5 28. Re2 Rf7 29. Kg3 1/2-1/2

[Event "XVI Torneo Internacional CIUDAD DE ALBA"]
[Site "Albacete - ESPAÑA"]
[Date "2008.09.03"]
[Round "5.20"]
[White "Cabrera, Alexis"]
[Black "Alshameary Puente, Ismael"]
[Result "1-0"]
[WhiteElo "2513"]
[BlackElo "1951"]
[PlyCount "81"]
[EventDate "2008.09.01"]

1. e4 c5 2. Nc3 Nc6 3. Nf3 g6 4. d4 cxd4 5. Nxd4 Bg7 6. Nde2 Nf6 7. g3 d6 8.
Bg2 O-O 9. O-O Bd7 10. h3 Rc8 11. Be3 b5 12. Nxb5 Rb8 13. Nbd4 Qc8 14. Nxc6
Bxc6 15. Bxa7 Rxb2 16. Bd4 Rb8 17. Nc3 Rb4 18. Nd5 Nxd5 19. Bxg7 Kxg7 20. exd5
Ba4 21. Qe1 Rb7 22. Qd2 Bxc2 23. Rfc1 Rc7 24. a4 Bf5 25. Qd4+ Kg8 26. Rxc7 Qxc7
27. a5 Ra8 28. a6 Qa7 29. Qxa7 Rxa7 30. f4 h5 31. Kf2 e5 32. fxe5 dxe5 33. d6
Kf8 34. Bb7 Ke8 35. Rc1 Bd3 36. Ke3 e4 37. Rc7 Kd8 38. Bxe4 Rxa6 39. Bxd3 Rxd6
40. Rxf7 Re6+ 41. Be4 1-0

[Event "XVI Torneo Internacional CIUDAD DE ALBA"]
[Site "Albacete - ESPAÑA"]
[Date "2008.09.04"]
[Round "6.2"]
[White "Ivanov, Jordan"]
[Black "Babaev, Rashad"]
[Result "1/2-1/2"]
[WhiteElo "2421"]
[BlackElo "2484"]
[PlyCount "22"]
[EventDate "2008.09.01"]

1. d4 Nf6 2. c4 g6 3. Nc3 Bg7 4. e4 d6 5. h3 O-O 6. Nf3 e5 7. d5 Na6 8. Bg5 Qe8
9. g4 Nd7 10. Rg1 Kh8 11. Qd2 Ndc5 1/2-1/2

[Event "XVI Torneo Internacional CIUDAD DE ALBA"]
[Site "Albacete - ESPAÑA"]
[Date "2008.09.04"]
[Round "6.3"]
[White "Pogorelov, Ruslan"]
[Black "Valmana Canto, Jaime"]
[Result "1-0"]
[WhiteElo "2459"]
[BlackElo "2376"]
[PlyCount "87"]
[EventDate "2008.09.01"]

1. Nf3 Nf6 2. c4 c6 3. Nc3 d5 4. d4 a6 5. e3 e6 6. b3 c5 7. cxd5 exd5 8. Be2
Nc6 9. O-O Bg4 10. dxc5 Bxc5 11. Bb2 O-O 12. Rc1 Ba7 13. Nd4 Ne5 14. Bxg4 Nexg4
15. Nf5 Qb8 16. g3 Qe5 17. Qc2 Rac8 18. h3 Nxe3 19. fxe3 Bxe3+ 20. Nxe3 Qxe3+
21. Qf2 Qh6 22. Ne2 Ne4 23. Qd4 Rce8 24. Rcd1 Re6 25. Kg2 Ng5 26. Nf4 Re4 27.
Qd2 Rfe8 28. h4 Ne6 29. Nxe6 Qxe6 30. Rf2 d4 31. Rdf1 f5 32. Qd3 g6 33. Qc4
Qxc4 34. bxc4 Rc8 35. Rc1 d3 36. c5 Ra4 37. Be5 Kf7 38. Bf4 Ra5 39. Rd2 Rd8 40.
Rc3 Ke6 41. a3 Rd5 42. Be3 Rb5 43. Rcxd3 Rxd3 44. Rxd3 1-0

[Event "XVI Torneo Internacional CIUDAD DE ALBA"]
[Site "Albacete - ESPAÑA"]
[Date "2008.09.04"]
[Round "6.4"]
[White "Cueto, Jonny"]
[Black "Guliev, Logman"]
[Result "0-1"]
[WhiteElo "2321"]
[BlackElo "2437"]
[PlyCount "83"]
[EventDate "2008.09.01"]

1. d4 Nf6 2. Bf4 e6 3. Nf3 b6 4. Nbd2 Bb7 5. e3 Be7 6. h3 O-O 7. Bd3 c5 8. c3
d6 9. O-O Nbd7 10. Qe2 Re8 11. Bh2 Nf8 12. a4 a6 13. Rfd1 cxd4 14. Nxd4 Ng6 15.
e4 Bf8 16. Bc2 Qc7 17. Qc4 Qd7 18. Qb3 Rab8 19. Qxb6 e5 20. N4f3 Bxe4 21. Qxb8
Rxb8 22. Nxe4 Rxb2 23. Bd3 Qc6 24. Nxf6+ gxf6 25. c4 Bh6 26. Bf1 f5 27. Rd5 Ne7
28. Nxe5 dxe5 29. Rd8+ Bf8 30. Bxe5 Qb6 31. Rad1 Rb1 32. R1d7 Nc6 33. Bc7 Qb3
34. Rd3 Qb4 35. Rg3+ Kh8 36. Rb8 Qxb8 37. Bxb8 Nxb8 38. Rf3 Nc6 39. g4 Nd4 40.
Re3 f4 41. Re8 Kg7 42. f3 0-1

[Event "XVI Torneo Internacional CIUDAD DE ALBA"]
[Site "Albacete - ESPAÑA"]
[Date "2008.09.04"]
[Round "6.5"]
[White "Sriram, Jha"]
[Black "Serna Lara, Sergio"]
[Result "1-0"]
[WhiteElo "2429"]
[BlackElo "2247"]
[PlyCount "125"]
[EventDate "2008.09.01"]

1. d4 d5 2. Nf3 Nf6 3. c4 c6 4. Nc3 dxc4 5. a4 Bf5 6. e3 e6 7. Bxc4 Bb4 8. O-O
Nbd7 9. Qe2 Bg6 10. e4 O-O 11. Bd3 Bh5 12. e5 Nd5 13. Nxd5 cxd5 14. Qe3 Bg6 15.
Ng5 Re8 16. f4 Bxd3 17. Qxd3 f5 18. Qb5 Qe7 19. a5 a6 20. Qxb7 Reb8 21. Qc6 Nf8
22. Rd1 Rc8 23. Qa4 Rc4 24. Be3 Bd2 25. Qa3 Qxa3 26. Rxa3 Bxe3+ 27. Rxe3 Rb8
28. Rc3 h6 29. Rxc4 dxc4 30. Nf3 Rxb2 31. Rc1 Rb5 32. Rxc4 Rxa5 33. Rc6 Kf7 34.
Rc7+ Kg8 35. Ra7 Ng6 36. g3 Kf8 37. Nd2 Ra4 38. Nb3 Ne7 39. Nc5 Ra1+ 40. Kf2
Kf7 41. Rxa6 Rxa6 42. Nxa6 g5 43. Nb4 gxf4 44. gxf4 Ng6 45. Kg3 Ne7 46. Kf3 Kg6
47. Ke3 Kh5 48. d5 exd5 49. Kd4 Kg4 50. Nxd5 Ng6 51. Ke3 Nf8 52. Nc7 Ng6 53. e6
Ne7 54. Kd4 Ng6 55. Nd5 Kf3 56. Kc5 h5 57. Kd6 Ke4 58. h4 Kf3 59. e7 Nxe7 60.
Kxe7 Kg4 61. Kf6 Kxh4 62. Ne3 Kg3 63. Kg5 1-0

[Event "XVI Torneo Internacional CIUDAD DE ALBA"]
[Site "Albacete - ESPAÑA"]
[Date "2008.09.04"]
[Round "6.7"]
[White "Suba, Mihai"]
[Black "Berbatov, Kiprian"]
[Result "1-0"]
[WhiteElo "2507"]
[BlackElo "2250"]
[PlyCount "45"]
[EventDate "2008.09.01"]

1. Nf3 Nf6 2. c4 g6 3. Nc3 Bg7 4. e4 d6 5. d4 O-O 6. Be2 e5 7. O-O Nc6 8. d5
Ne7 9. b4 Nh5 10. Re1 f5 11. a4 Nf6 12. a5 Nxe4 13. Nxe4 fxe4 14. Ng5 Nf5 15.
Nxe4 Nd4 16. Bg5 Qe8 17. Bd3 Bf5 18. Rc1 Qd7 19. Be3 Bxe4 20. Bxe4 Nf5 21. Bd2
Kh8 22. Bc3 Nd4 23. Rf1 {...} 1-0

[Event "XVI Torneo Internacional CIUDAD DE ALBA"]
[Site "Albacete - ESPAÑA"]
[Date "2008.09.04"]
[Round "6.8"]
[White "Garcia Lopez, Luis Manuel"]
[Black "Castellanos Rodriguez, Renier"]
[Result "0-1"]
[WhiteElo "2109"]
[BlackElo "2438"]
[PlyCount "76"]
[EventDate "2008.09.01"]

1. e4 c5 2. Nf3 e6 3. d4 cxd4 4. Nxd4 a6 5. Nc3 Qc7 6. g3 Bb4 7. Nde2 Be7 8.
Bg2 Nf6 9. O-O Nc6 10. Nf4 d6 11. Nd3 O-O 12. g4 b5 13. g5 Nd7 14. f4 b4 15.
Ne2 Re8 16. Ng3 Bf8 17. Kh1 a5 18. Be3 Ba6 19. Rf2 Rad8 20. Qf3 Nc5 21. Rd1 Bb7
22. Qg4 g6 23. Rfd2 Na4 24. Bg1 Bg7 25. f5 exf5 26. exf5 Ne5 27. Nxe5 Bxg2+ 28.
Kxg2 dxe5 29. Rxd8 Rxd8 30. Rxd8+ Qxd8 31. f6 Bf8 32. Ne4 Qd5 33. Qe2 Nxb2 34.
Kg3 Na4 35. Nf2 Nc3 36. Qa6 e4 37. h4 e3 38. Ng4 Bd6+ 0-1

[Event "XVI Torneo Internacional CIUDAD DE ALBA"]
[Site "Albacete - ESPAÑA"]
[Date "2008.09.04"]
[Round "6.9"]
[White "Espinosa Aranda, Angel"]
[Black "Kovacevic, Slobodan"]
[Result "0-1"]
[WhiteElo "2313"]
[BlackElo "2417"]
[PlyCount "98"]
[EventDate "2008.09.01"]

1. e4 c5 2. Nf3 e6 3. d4 cxd4 4. Nxd4 a6 5. Nc3 Qc7 6. Be2 b5 7. a3 Bb7 8. f4
d6 9. O-O Nf6 10. Bf3 Nc6 11. Be3 Be7 12. Qe1 Na5 13. Rd1 O-O 14. Qg3 Kh8 15.
e5 dxe5 16. fxe5 Nd7 17. Bxb7 Qxb7 18. Nf3 Nc4 19. Bg5 Bc5+ 20. Kh1 Nxb2 21.
Rde1 Bxa3 22. Re4 Rfc8 23. Nd2 Nf8 24. Ref4 Ng6 25. Rxf7 Rc7 26. R7f3 Bb4 27.
Nce4 Bxd2 28. Nxd2 Nc4 29. Nxc4 bxc4 30. h4 Kg8 31. h5 Ne7 32. Qf4 Nf5 33. g4
h6 34. gxf5 hxg5 35. Qxg5 exf5 36. Qxf5 Qd5 37. Kg1 Re7 38. Rg3 Rae8 39. Re1 a5
40. Qe4 Qe6 41. Ra3 Kh8 42. Qg2 Qb6+ 43. Kh2 Rxe5 44. Rxe5 Rxe5 45. Rh3 Qd6 46.
Rg3 Rxh5+ 47. Kg1 Qd1+ 48. Kf2 Qxc2+ 49. Kf1 Qd1+ 0-1

[Event "XVI Torneo Internacional CIUDAD DE ALBA"]
[Site "Albacete - ESPAÑA"]
[Date "2008.09.04"]
[Round "6.10"]
[White "Cabrera, Alexis"]
[Black "Sanchez Jerez, Emilio Miguel"]
[Result "1-0"]
[WhiteElo "2513"]
[BlackElo "2143"]
[PlyCount "87"]
[EventDate "2008.09.01"]

1. d4 Nf6 2. c4 g6 3. Nc3 Bg7 4. e4 d6 5. Nge2 O-O 6. f3 Nc6 7. Be3 a6 8. Qd2
Na5 9. Nc1 Nd7 10. Be2 c5 11. d5 Ne5 12. b3 f5 13. Bh6 Bxh6 14. Qxh6 e6 15. Nd3
Qf6 16. Nxe5 Qxe5 17. Qd2 fxe4 18. O-O e3 19. Qd3 b5 20. f4 bxc4 21. fxe5 Rxf1+
22. Kxf1 cxd3 23. Bxd3 dxe5 24. Ke2 exd5 25. Nxd5 Bb7 26. Nf6+ Kg7 27. Nd7 e4
28. Bc4 Rc8 29. Kxe3 Nxc4+ 30. bxc4 Rc7 31. Nb6 Kf6 32. Na4 Ke5 33. Rd1 Bc8 34.
Rd5+ Kf6 35. Rxc5 Rxc5 36. Nxc5 Ke5 37. g3 Bf5 38. Nxa6 Be6 39. Nc5 Bxc4 40. a4
Bd5 41. a5 g5 42. a6 h5 43. a7 Bc6 44. Nd7+ 1-0

[Event "XVI Torneo Internacional CIUDAD DE ALBA"]
[Site "Albacete - ESPAÑA"]
[Date "2008.09.04"]
[Round "6.11"]
[White "Avila Jimenez, Javier"]
[Black "Alcaraz Ortega, Javier"]
[Result "0-1"]
[WhiteElo "2286"]
[BlackElo "2105"]
[PlyCount "130"]
[EventDate "2008.09.01"]

1. d4 d5 2. c4 c6 3. cxd5 cxd5 4. Bf4 Nc6 5. e3 Nf6 6. Bd3 Bg4 7. f3 Bh5 8. Nc3
e6 9. Qb3 Qb6 10. Qxb6 axb6 11. Nge2 Be7 12. Bc7 Bd8 13. Bg3 O-O 14. Bb5 Be7
15. O-O Nb4 16. Rfc1 Bg6 17. Nf4 Bf5 18. Ba4 Rfc8 19. Bb3 g5 20. Nfe2 Nd3 21.
Rc2 Nb4 22. Rd2 Nc6 23. Bf2 Na5 24. Rc1 Bb4 25. Rdd1 Nxb3 26. axb3 Rc6 27. h4
h6 28. g4 Bh7 29. Kg2 Rac8 30. hxg5 hxg5 31. Bg3 Bg6 32. Kf2 Nd7 33. Ra1 Bc2
34. Rdc1 Bd3 35. Na2 Be7 36. Rxc6 Rxc6 37. Nec3 Rc8 38. Nc1 Ba6 39. e4 dxe4 40.
fxe4 b5 41. b4 Bxb4 42. N1a2 Be7 43. Rc1 b4 44. Nd5 Rxc1 45. Nxe7+ Kf8 46. Ng6+
Kg7 47. Nxc1 Kxg6 48. Na2 Nf6 49. Kf3 b3 50. Nb4 Bc4 51. Bb8 Nd7 52. Bc7 Nf6
53. Bd8 Nd7 54. Bc7 f5 55. gxf5+ exf5 56. e5 f4 57. d5 Kf5 58. e6 g4+ 59. Kg2
Nf6 60. e7 Bb5 61. Bb8 f3+ 62. Kg1 Ne4 63. Bg3 Nxg3 64. Nc6 Ne4 65. Nd4+ Kf6
0-1

[Event "XVI Torneo Internacional CIUDAD DE ALBA"]
[Site "Albacete - ESPAÑA"]
[Date "2008.09.04"]
[Round "6.12"]
[White "Draghici Flutur, Gravril *"]
[Black "Vega Gutierrez, Sabrina"]
[Result "1/2-1/2"]
[WhiteElo "2111"]
[BlackElo "2281"]
[PlyCount "102"]
[EventDate "2008.09.01"]

1. e4 c5 2. Nf3 e6 3. Nc3 a6 4. d4 cxd4 5. Nxd4 Nc6 6. Nxc6 bxc6 7. Bd3 d5 8.
O-O Qc7 9. Qe2 Bb7 10. Na4 Bd6 11. f4 dxe4 12. Bxe4 Nf6 13. Bd3 O-O 14. c4 c5
15. Nc3 Rae8 16. Ne4 Nxe4 17. Bxe4 Bxe4 18. Qxe4 f5 19. Qf3 Kh8 20. Bd2 e5 21.
fxe5 Bxe5 22. Bf4 Bd4+ 23. Kh1 Qa5 24. Rad1 Qxa2 25. Bd6 Rf6 26. Rfe1 Qa4 27.
b3 Qd7 28. Rxe8+ Qxe8 29. Bg3 g6 30. Re1 Re6 31. Rxe6 Qxe6 32. h4 Qe4 33. Kh2
Kg7 34. Qf4 Qxf4 35. Bxf4 Kf6 36. g3 Be5 37. Be3 Bd6 38. Kg2 Bf8 39. Kf3 h6 40.
Bd2 g5 41. hxg5+ hxg5 42. Bc3+ Ke6 43. g4 Be7 44. Bb2 Bf6 45. Bc1 f4 46. Ke4
Bc3 47. Ba3 Kd6 48. Kd3 Be1 49. Ke4 Kc6 50. Bb2 Kb6 51. Bf6 Bh4 1/2-1/2

[Event "XVI Torneo Internacional CIUDAD DE ALBA"]
[Site "Albacete - ESPAÑA"]
[Date "2008.09.04"]
[Round "6.13"]
[White "Peric, Slavisa"]
[Black "Huguet, Sergio"]
[Result "1-0"]
[WhiteElo "2253"]
[BlackElo "2109"]
[PlyCount "57"]
[EventDate "2008.09.01"]

1. d4 d5 2. Nf3 Nf6 3. c4 c6 4. e3 e6 5. Nbd2 Nbd7 6. Bd3 Bd6 7. e4 dxe4 8.
Nxe4 Nxe4 9. Bxe4 Nf6 10. Bc2 O-O 11. O-O c5 12. Bg5 cxd4 13. Qxd4 Be7 14. Qh4
h6 15. Bxh6 gxh6 16. Qxh6 Qa5 17. g4 Rd8 18. Rad1 Bd7 19. g5 Bf8 20. Qh4 Ne4
21. Bxe4 Bg7 22. b3 Qxa2 23. Rd3 Bc6 24. Rfd1 Rxd3 25. Rxd3 Qe2 26. Qh7+ Kf8
27. Bxc6 bxc6 28. Kg2 e5 29. Rd2 1-0

[Event "XVI Torneo Internacional CIUDAD DE ALBA"]
[Site "Albacete - ESPAÑA"]
[Date "2008.09.04"]
[Round "6.14"]
[White "Fernandez Garcia, Jose Miguel"]
[Black "Jimenez Martinez, Jose Vicente"]
[Result "1-0"]
[WhiteElo "2135"]
[BlackElo "2223"]
[PlyCount "77"]
[EventDate "2008.09.01"]

1. Nc3 g6 2. d4 Bg7 3. e4 d6 4. f4 Nf6 5. Nf3 O-O 6. e5 Nfd7 7. h4 c5 8. h5
cxd4 9. Qxd4 dxe5 10. Qf2 e4 11. Nxe4 Qb6 12. Qh4 Qa5+ 13. Bd2 Qxh5 14. Qxh5
gxh5 15. O-O-O Nf6 16. Nxf6+ Bxf6 17. Rxh5 Bg4 18. Rb5 Nc6 19. Bd3 b6 20. Rh1
h5 21. Nh2 e5 22. Nxg4 hxg4 23. fxe5 Nxe5 24. Bh7+ Kg7 25. Bh6+ Kxh7 26. Bxf8+
Kg6 27. Bb4 Nc4 28. b3 Ne3 29. Bd2 Nf5 30. Rb4 Bd4 31. c3 a5 32. Rxd4 Nxd4 33.
cxd4 Kf5 34. Rf1+ Ke4 35. Rf4+ Kd3 36. Rxg4 Rh8 37. Rg3+ Ke2 38. Re3+ Kf2 39.
g4 1-0

[Event "XVI Torneo Internacional CIUDAD DE ALBA"]
[Site "Albacete - ESPAÑA"]
[Date "2008.09.04"]
[Round "6.15"]
[White "Guadamuro Torrente, Anabel"]
[Black "Pardo Simon, David"]
[Result "0-1"]
[WhiteElo "2105"]
[BlackElo "2204"]
[PlyCount "116"]
[EventDate "2008.09.01"]

1. e4 e5 2. Bc4 Nf6 3. d3 Nc6 4. Nf3 Be7 5. Nbd2 d6 6. c3 O-O 7. Bb3 Na5 8. Bc2
c5 9. O-O Nc6 10. Re1 Qc7 11. Nc4 h6 12. Ne3 Be6 13. Bb3 Rad8 14. Bxe6 fxe6 15.
Qb3 d5 16. exd5 exd5 17. Nf5 Kh7 18. Nxe7 Qxe7 19. Qc2 Nh5 20. Nxe5 Rde8 21.
d4+ Kg8 22. Bd2 Nxe5 23. dxe5 Qe6 24. Re2 Nf6 25. f3 Nd7 26. f4 Nf6 27. f5 Qa6
28. c4 Ne4 29. Rxe4 dxe4 30. Qxe4 Qc6 31. Qxc6 bxc6 32. Bc3 Rxf5 33. Rd1 Re6
34. Rd8+ Rf8 35. Rd7 Rf7 36. Rd8+ Kh7 37. Rd3 Ree7 38. Rd6 Rd7 39. Rxd7 Rxd7
40. Kf2 Kg6 41. Ke3 Kf5 42. h3 h5 43. b3 h4 44. Bb2 g5 45. Ba3 Re7 46. Bb2 a6
47. Kf3 Rd7 48. Ba3 Rd2 49. Bxc5 Rxa2 50. Bd6 Rb2 51. b4 Rc2 52. Be7 Rxc4 53.
Bd6 Rc3+ 54. Kf2 Ra3 55. Bc7 Ra4 56. Bd6 a5 57. bxa5 Rxa5 58. g4+ Ke6 0-1

[Event "XVI Torneo Internacional CIUDAD DE ALBA"]
[Site "Albacete - ESPAÑA"]
[Date "2008.09.04"]
[Round "6.16"]
[White "Llavador Moron, Juan Jose"]
[Black "Cruz Lledo, Pablo"]
[Result "1-0"]
[WhiteElo "2195"]
[BlackElo "2008"]
[PlyCount "135"]
[EventDate "2008.09.01"]

1. e4 c6 2. d4 d5 3. Nd2 dxe4 4. Nxe4 Bf5 5. Ng3 Bg6 6. N1e2 e6 7. Nf4 Bd6 8.
Bc4 Nf6 9. O-O Nbd7 10. Re1 Bxf4 11. Bxf4 Nd5 12. Bd2 b5 13. Bxd5 cxd5 14. a4
bxa4 15. Bb4 a5 16. Ba3 Qc7 17. c3 Nb6 18. Nh5 Rg8 19. Ng3 Qc6 20. Nf1 Nc4 21.
Ne3 Kd7 22. Nxc4 Qxc4 23. Qd2 Rgb8 24. Qf4 Qc7 25. Qg5 f6 26. Qg4 Qc6 27. h4
Rg8 28. c4 Rae8 29. Rac1 Bf5 30. Qe2 Qa6 31. Qd1 Rc8 32. cxd5 Rxc1 33. dxe6+
Bxe6 34. Qxc1 Re8 35. Qd1 Qc6 36. Qh5 h6 37. Qxa5 Bd5 38. Qa7+ Qb7 39. Qxa4+
Bc6 40. Qd1 Rxe1+ 41. Qxe1 Kd8 42. Qe6 Bd5 43. Qd6+ Qd7 44. Qb8+ Qc8 45. Qxc8+
Kxc8 46. Bf8 g5 47. hxg5 hxg5 48. Be7 g4 49. Bxf6 Kd7 50. Kh2 Ke6 51. Be5 Bb3
52. Kg3 Kf5 53. f3 gxf3 54. Kxf3 Bd5+ 55. Kg3 Bb3 56. Kh4 Bd5 57. g4+ Kg6 58.
b4 Bc4 59. Kg3 Kg5 60. Bc7 Bd5 61. Bd8+ Kg6 62. Kf4 Kf7 63. Ke5 Bf3 64. g5 Bg2
65. Kd6 Be4 66. b5 Ke8 67. Bf6 Kf7 68. b6 1-0